000 01001cam a22002054a 4500
005 20250605164213.0
008 250528s ||||||||||||||||||||||||d
035 _a20341
020 _a1844792587
040 _aGR-AtMCL
_bgre
_dGR-AtMCL
_eAACR2
245 1 _aComputers / Information Technology in Perspective
260 _bPrentice Hall,
_c2005
300 _a496
520 _aAchieving information technology competency is the first step in a lifelong journey toward greater knowledge and interaction with more and better applications of IT. Computers and Information Technology and You, Software, Going Online, Inside the Computer, Storage and Input/ Output Devices, Networks and Networking, IT Ethics and Crime and Privacy, E-Commerce and Databases and Security, Information Systems and Emerging Technologies, Information Systems Development and Programming, Glossary, Index.
700 1 _aLong Larry
_91356
700 1 _aLong Nancy
_96354
942 _cBK
999 _c5463
_d5463